Cole-parmer 2001/02
Cole-Parmer supplies instruments and services for hundreds of industries and applications worldwide, including: agricultural and hydroponics, biotech/filtration, chemical,...
Uloženo v:
| Médium: | Kniha |
|---|---|
| Jazyk: | Undetermined |
| Vydáno: |
Vernon Hill, IL
Cole-Parmer instrument company
2000
|
| Témata: | |
| Tagy: |
Přidat tag
Žádné tagy, Buďte první, kdo otaguje tento záznam!
|
| Thư viện lưu trữ: | Trung tâm Học liệu Trường Đại học Cần Thơ |
|---|
| LEADER | 00699nam a2200181Ia 4500 | ||
|---|---|---|---|
| 001 | CTU_142684 | ||
| 008 | 210402s9999 xx 000 0 und d | ||
| 082 | |a 338.02 | ||
| 082 | |b C689 | ||
| 245 | 0 | |a Cole-parmer 2001/02 | |
| 260 | |a Vernon Hill, IL | ||
| 260 | |b Cole-Parmer instrument company | ||
| 260 | |c 2000 | ||
| 520 | |a Cole-Parmer supplies instruments and services for hundreds of industries and applications worldwide, including: agricultural and hydroponics, biotech/filtration, chemical,... | ||
| 650 | |a Products and services,Industry,Sản phẩm và dịch vụ | ||
| 650 | |x Statistics,Thống kê | ||
| 904 | |i Năm | ||
| 980 | |a Trung tâm Học liệu Trường Đại học Cần Thơ | ||